Promoviendo un diálogo entre el psicodrama de J. L. Moreno y las ideas pedagógicas de Paulo Freire /

Gorde:
Xehetasun bibliografikoak
Egile nagusia: Vieira, Ivna Ariane Santos
Formatua: Texto
Etiketak: Etiketa erantsi
Etiketarik gabe, Izan zaitez lehena erregistro honi etiketa jartzen!

MARC

LEADER 00000 a a2200000 04500
001 45855
003
040
100 |a Vieira, Ivna Ariane Santos  
245 |a Promoviendo un diálogo entre el psicodrama de J. L. Moreno y las ideas pedagógicas de Paulo Freire /  |c Ivna Ariane Santos Vieira  
773 |g número59 ( , 2011), páginas 15-19  
999 |c 33815  |d 33815